| 000 | 00357cam a2200145ua 4500 | ||
|---|---|---|---|
| 041 |
_ahin _h |
||
| 082 |
_a891.54 _bCHA/BA |
||
| 100 | _aCharan, singh . | ||
| 245 |
_a2bankam / _cCharansingh. _hTextual Documents |
||
| 260 |
_aDehradun : _bBishen Singh Mahendrapal Singh , _c1961. |
||
| 300 | _a134 ; . | ||
| 504 | _a | ||
| 942 | _cBK | ||
| 999 |
_c12310 _d12310 |
||